|
|
|
|
| LEADER |
00000nam0a2200000 4500 |
| 001 |
39075 |
| 005 |
20231101210534.0 |
| 010 |
|
|
|a 5811404093
|
| 035 |
|
|
|a (RuTPU)RU\TPU\book\39913
|
| 090 |
|
|
|a 39075
|
| 100 |
|
|
|a 20020322d2001 m y0rusy50 ca
|
| 101 |
0 |
|
|a rus
|
| 102 |
|
|
|a RU
|
| 105 |
|
|
|a a j 001zy
|
| 200 |
1 |
|
|a Материалы электронной техники
|e учебник
|f В. В. Пасынков, В. С. Сорокин
|
| 205 |
|
|
|a 3-е изд.
|
| 210 |
|
|
|a СПб.
|c Лань
|d 2001
|
| 215 |
|
|
|a 367 с.
|c ил.
|
| 320 |
|
|
|a Библиогр.: с. 360-362
|
| 320 |
|
|
|a Обозначение основных величин: с. 362-364
|
| 320 |
|
|
|a Предм. указ.: с. 364-365
|
| 451 |
|
1 |
|0 (RuTPU)RU\TPU\book\50080
|y 5-9511-0011-9
|t Материалы электронной техники
|o учебник
|f В. В. Пасынков, В. С. Сорокин
|e 4-е изд., стер.
|c М.
|n Лань
|n ДМК Пресс
|d 2002
|p 368 с.
|a Пасынков, Владимир Васильевич
|
| 451 |
|
1 |
|0 (RuTPU)RU\TPU\book\33780
|t Материалы электронной техники
|o учебное пособие
|f В. В. Пасынков, В. С. Сорокин
|e 2-е изд., перераб. и доп.
|c М.
|n Высшая школа
|d 1986
|p 367 с.
|s Учебники для вузов. Специальная литература
|a Пасынков, Владимир Васильевич
|
| 606 |
1 |
|
|a Электронное материаловедение
|2 stltpush
|3 (RuTPU)RU\TPU\subj\20416
|9 45522
|
| 610 |
1 |
|
|a электроника
|
| 610 |
1 |
|
|a электронная техника
|
| 610 |
1 |
|
|a материалы
|
| 610 |
1 |
|
|a проводники
|
| 610 |
1 |
|
|a проводниковые материалы
|
| 610 |
1 |
|
|a пассивные диэлектрики
|
| 610 |
1 |
|
|a активные диэлектрики
|
| 610 |
1 |
|
|a магнитные материалы
|
| 610 |
1 |
|
|a учебники
|
| 675 |
|
|
|a 621.38.002.3(075.8)
|v 3
|
| 700 |
|
1 |
|a Пасынков
|b В. В.
|g Владимир Васильевич
|
| 701 |
|
1 |
|a Сорокин
|b В. С.
|g Валерий сергеевич
|
| 801 |
|
1 |
|a RU
|b 63413507
|c 20020322
|g PSBO
|
| 801 |
|
2 |
|a RU
|b 63413507
|c 20210614
|g PSBO
|
| 942 |
|
|
|c BK
|